Normal view
MARC view
Entry Personal Name
001 - CONTROL NUMBER
- control field: 775531
003 - CONTROL NUMBER IDENTIFIER
- control field: OSt
005 - DATE AND TIME OF LATEST TRANSACTION
- control field: 20250508163522.0
008 - FIXED-LENGTH DATA ELEMENTS
- fixed length control field: 250508|| aca||aabn | a|a d
040 ## - CATALOGING SOURCE
- Original cataloging agency: OSt
- Transcribing agency: OSt
100 ## - HEADING--PERSONAL NAME
- Personal name: Sharma Girish Kr
670 ## - SOURCE DATA FOUND
- Source citation: Work cat.: (OSt)1383850: Sharma Girish Kr., Study of the process of total literacy campaign with reference to its mathematics component, 1996
